Crisis de palabras: notas a partir de Cornelius Castoriadis y Guy Debord
Saved in:
| Main Author: | |
|---|---|
| Format: | Book |
| Language: | Spanish |
| Published: |
Madrid
A. Machado Libros
2007
|
| Edition: | 1a. ed |
| Series: | Acuarela Libros, 21
|
| Subjects: | |
| Tags: |
Add Tag
No Tags, Be the first to tag this record!
|
MARC
| LEADER | 00000cam a2200000 a 4500 | ||
|---|---|---|---|
| 001 | UCH0093 | ||
| 003 | CL-VaPUC | ||
| 008 | 090108e20070000SP |||||||||||||||||spa|d | ||
| 020 | |a 9788477741923 | ||
| 082 | 0 | 4 | |a 190 |b BLA |2 21 |
| 100 | 0 | |a Blanchard, Daniel |e author |9 534178 | |
| 245 | 1 | 0 | |a Crisis de palabras: notas a partir de Cornelius Castoriadis y Guy Debord |
| 250 | |a 1a. ed | ||
| 300 | |a 187 p | ||
| 942 | |c BK | ||
| 945 | |d 20090108 00:00:00 |a jtorresc | ||
| 260 | |a Madrid |b A. Machado Libros |c 2007 | ||
| 650 | 0 | |a Pensamiento |9 307612 | |
| 650 | 0 | |a Subjetividad |9 319638 | |
| 650 | 0 | |a Filosofía moderna |9 258121 | |
| 583 | |a last modification |c 20131011 06:04:25 |k Rodrigo Vera | ||
| 490 | 0 | |a Acuarela Libros, 21 | |
| 999 | |c 332474 |d 332472 | ||
| 952 | |0 0 |1 0 |3 erb |4 0 |6 190_000000000000000_BLA_2007 |7 0 |8 A |9 420193 |a BIBEDU |b BIBEDU |d 2019-11-22 |i 5019095 |l 1 |o 190 BLA 2007 |p 5019095 |r 2024-06-11 |s 2024-06-03 |w 2019-11-22 |y BK |z Catalogado en:20131018 |k PSI | ||